| 000 | 00316nam a22001217a 4500 | ||
|---|---|---|---|
| 008 | 230622b xxu||||| |||| 00| 0 eng d | ||
| 082 |
_a328.73 _bMIC |
||
| 100 | _cMIC | ||
| 245 |
_a1981 Congressional Directory _b97th Congress |
||
| 260 |
_aWashington _bJoint Committee Staff _c1981 |
||
| 300 | _a1104p | ||
| 942 |
_2ddc _cBK |
||
| 999 |
_c2343 _d2343 |
||